| 000 | 00645nam a22002177a 4500 | ||
|---|---|---|---|
| 005 | 20251108171937.0 | ||
| 008 | 250721s2002 xx 000 0 ara d | ||
| 082 | 1 | 4 | _a956.4212/بكر |
| 100 | 1 | _aأبو بكر، توفيق | |
| 245 | 1 | 0 |
_aمخيم جنين : _bالصمود و المجزرة / |
| 246 | 1 | 3 | _aالصمود و المجزرة |
| 264 | 1 |
_aعمان : _bمركز جنين للدراسات، _c2002. |
|
| 300 | _a50ص. | ||
| 650 | 1 | 7 | _aتاريخ فلسطين |
| 650 | 1 | 7 | _aالشهداء |
| 650 | 1 | 7 | _aالمجازر البشرية |
| 650 | 1 | 7 | _aإسرائيل |
| 650 | 1 | 7 | _aجنين |
| 942 |
_2ddc _cBK |
||
| 999 |
_c66552 _d66552 |
||